| 000 | 003570000a22001570004500 | ||
|---|---|---|---|
| 001 | 000287 | ||
| 003 | MACL | ||
| 040 | _aMACL | ||
| 090 |
_c287 _d287 |
||
| 100 | _aBandyopadhyay, Pranab | ||
| 245 |
_aGreat Indians _cPranab Bandyopadhyay |
||
| 260 |
_aChuckervertty Chatterjee & Co. Ltd., _c1993 |
||
| 350 | _a30 | ||
| 650 | _aBiography | ||
| 942 |
_k920 _cBook |
||
| 999 |
_c49594 _d49594 |
||